Dinosaurs / (Record no. 102508)
[ view plain ]
| 000 -LEADER | |
|---|---|
| fixed length control field | 00410nam a2200145 a 4500 |
| 005 - DATE AND TIME OF LATEST TRANSACTION | |
| control field | 20140412111237.0 |
| 008 - FIXED-LENGTH DATA ELEMENTS--GENERAL INFORMATION | |
| fixed length control field | 001115s19uu xx 00 eng d |
| 050 ## - LIBRARY OF CONGRESS CALL NUMBER | |
| Classification number | M 567.9 |
| Item number | Di621 1987 |
| 245 ## - TITLE STATEMENT | |
| Title | Dinosaurs / |
| Statement of responsibility, etc | illustrated by Yong Situ. |
| 260 ## - PUBLICATION, DISTRIBUTION, ETC. (IMPRINT) | |
| Place of publication, distribution, etc | Tokyo : |
| Name of publisher, distributor, etc | Froebel-kan, |
| Date of publication, distribution, etc | 1987. |
| 300 ## - PHYSICAL DESCRIPTION | |
| Extent | 13 p. |
| 440 ## - SERIES STATEMENT/ADDED ENTRY--TITLE | |
| Title | My Picture Library |
| 650 ## - SUBJECT ADDED ENTRY--TOPICAL TERM | |
| Topical term or geographic name as entry element | Dinosaurs -- Picture books for children |
| Withdrawn status | Lost status | Damaged status | Use restrictions | Home library | Current library | Shelving location | Date acquired | Source of acquisition | Total Checkouts | Full call number | Barcode | Date last seen | Price effective from | Koha item type |
|---|---|---|---|---|---|---|---|---|---|---|---|---|---|---|
| Elizalde Library | Elizalde Library | Main Section | 11/15/2000 | M 567.9 Di621 1987 | E1919 | 04/12/2014 | 04/12/2014 | Books |